On the efficient estimation methods for the macro-economic models nonlinear variables (Registro nro. 26206)

Detalles MARC
000 -LEADER
fixed length control field 00373 a2200109 4500
001 - CONTROL NUMBER
control field ART_12245
005 - DATE AND TIME OF LATEST TRANSACTION
control field 20260410161904.0
008 - FIXED-LENGTH DATA ELEMENTS--GENERAL INFORMATION
fixed length control field 260409a
100 1# - MAIN ENTRY--PERSONAL NAME
Personal name Hatanaka, Michio
245 10 - TITLE STATEMENT
Title On the efficient estimation methods for the macro-economic models nonlinear variables
773 0# - HOST ITEM ENTRY
Title Journal of econometrics
Related parts - Vol. 8, Nº 3 (dic. 1978)
Record control number REV11720

No hay ítems disponibles.